000 00897nam a22002531u 4500
001 05830
003 HDC
007 cr bn ---
008 210121p xx fo d 00 engg
040 _aHDC
245 0 _aINTERNATIONAL CONFERENCE ON HALAL PHARMACEUTICAL AND HEALTH PRODUCTS ("HALPHARM") 2011 :
_bHALAL PHARMACEUTICAL
260 _a[No place] :
_b[publisher not identified],
_c2011
300 _a47 pages :
_bIllustrations
336 _atext
_2rdacontent
337 _acomputer
_2rdamedia
338 _aonline resource
_2rdacarrier
650 _aHalal industry
_9144
650 _aHalal pharmaceutical
_94162
650 _aHealth products
_96116
856 _zRequest full-text at [email protected]
942 _2lcc
942 _cSLIDE
942 _kSLID 000629
999 _c3154
_d3154